| 000 | 00831nam a2200217Ia 4500 | ||
|---|---|---|---|
| 001 | 15642 | ||
| 003 | GE_BSU | ||
| 008 | 181216s||||||||xx |||||||||||||| ||und|| | ||
| 040 | _cGE_BSU | ||
| 100 | _aწერეთელი, ა. | ||
| 245 | _aთხზულებათა სრული კრებული : 15 ტომად. ტ.14 | ||
| 245 | _bპუბლიცისტური წერილები, 1890-1900 | ||
| 245 | _cსარედ.კოლ.გ.აბზიანიძე. | ||
| 260 | _aთბილისი | ||
| 260 | _bსაბჭ. საქართველო | ||
| 260 | _c1961 | ||
| 300 | _a658გვ.20სმ. | ||
| 653 | _aთხზულებათა სრული კრებული | ||
| 653 | _aპუბლიცისტური წერილები | ||
| 942 | _cBK | ||
| 999 |
_c48742 _d48742 |
||